00608nam a2200181 a 450000500170000000800410001702000180005805000180007610000180009424500500011226000370016230000230019944000290022265000230025165000230027499900190029795201100031620140412111317.0010319s19uu xx 00 eng d a0-86432-294-1 aERbWh55 1990 aSmith, Donald aWho's wearing my sunglasses? /cDonald Smith. a[s.l.] :bHawk Books Ltd,c1990. a1 v. (unp.) ; ill. aPeek Through Board Books aSunglass - Fiction aSunglass - Stories c104247d104247 00104050aELbELcERd2001-03-19eDonationl0oER Wh55 1990pE7132r2014-04-12 00:00:00w2014-04-12yBK